[Event "ROM-ch U18"]
[Site "Calimanesti Caciulata"]
[Date "2016.04.23"]
[Round "7"]
[White "Toma, Radu Cristian"]
[Black "Voicu, Gabriel"]
[Result "1-0"]
[WhiteElo "2351"]
[BlackElo "1962"]
[PlyCount "179"]
[EventDate "2016.04.18"]
[EventType "swiss"]
[EventRounds "9"]
[EventCountry "ROU"]
[SourceTitle "CBM 172 Extra"]
[Source "ChessBase"]
[SourceDate "2016.06.21"]
[SourceVersion "1"]
[SourceVersionDate "2016.06.21"]
[SourceQuality "1"]

1. d4 Nf6 2. Nf3 e6 3. e3 b6 4. Bd3 Bb7 5. 0-0 Be7 6. b3 0-0 7. Nbd2 c5 8. c4 d6 9. Bb2 Nbd7 10. Qc2 Qc7 11. Rfd1 Rac8 12. Rac1 Rfd8 13. Qb1 Qb8 14. dxc5 bxc5 15. a3 a5 16. a4 Qa8 17. Qc2 h6 18. Ne1 Nb8 19. Be2 Na6 20. Bc3 Nb4 21. Qb2 Ne8 22. Nb1 Bf6 23. Rd2 d5 24. Rcd1 Bxc3 25. Nxc3 Nf6 26. cxd5 exd5 27. Bf3 Bc6 28. Qa1 Qb8 29. Na2 Nxa2 30. Qxa2 Qb6 31. Qc2 Rb8 32. Rd3 Qb4 33. Qc1 Rdc8 34. Nc2 Qb6 35. Rc3 c4 36. Nd4 Bd7 37. bxc4 Bxa4 38. c5 Qb2 39. Qxb2 Rxb2 40. Ra1 Rb4 41. c6 Bb5 42. Rc5 Ra4 43. Rxa4 Bxa4 44. h3 Kf8 45. Bxd5 Nxd5 46. Rxd5 Bxc6 47. Rxa5 Be4 48. Kh2 g6 49. Kg3 Kg7 50. Ra7 Kf6 51. Rd7 Re8 52. f3 Bb1 53. Kf2 Ba2 54. Ra7 Bc4 55. Rc7 Ba2 56. Rc2 Bb1 57. Rb2 Bd3 58. e4 Bc4 59. Rc2 Bd3 60. Rc3 Bb1 61. Rb3 Ba2 62. Rb4 Kg5 63. Kg3 h5 64. h4+ Kf6 65. Kf4 Kg7 66. Ra4 Be6 67. Ra6 Bd7 68. Rd6 Ba4 69. Ra6 Bd7 70. Ra7 Be6 71. Rc7 Ba2 72. g3 Be6 73. Ke3 Ba2 74. Rc6 Ra8 75. Kf4 Re8 76. Nb5 Re7 77. Rc8 Be6 78. Rd8 Bd7 79. Nd6 Ba4 80. Ra8 Bb3 81. Ne8+ Kh6 82. Rb8 Bc4 83. Nf6 Re6 84. e5 Ba2 85. Rh8+ Kg7 86. Rg8+ Kh6 87. g4 hxg4 88. fxg4 Rxf6+ 89. exf6 Be6 90. Rh8# 1-0

[Event "ROM-ch U18"]
[Site "Calimanesti Caciulata"]
[Date "2016.04.22"]
[Round "6"]
[White "Voicu, Gabriel"]
[Black "Stancu, Robert Alexandru"]
[Result "1/2-1/2"]
[WhiteElo "1962"]
[BlackElo "1939"]
[PlyCount "70"]
[EventDate "2016.04.18"]
[EventType "swiss"]
[EventRounds "9"]
[EventCountry "ROU"]
[SourceTitle "CBM 172 Extra"]
[Source "ChessBase"]
[SourceDate "2016.06.21"]
[SourceVersion "1"]
[SourceVersionDate "2016.06.21"]
[SourceQuality "1"]

1. e4 c5 2. Nf3 Nc6 3. d4 cxd4 4. Nxd4 g6 5. Bc4 Bg7 6. Be3 Nf6 7. Nc3 0-0 8. Be2 d6 9. 0-0 Bd7 10. f3 Rc8 11. Qd2 a6 12. Rab1 Nxd4 13. Bxd4 Be6 14. b3 Nd7 15. Bxg7 Kxg7 16. h4 Qa5 17. Qd4+ Kg8 18. f4 f5 19. exf5 Bxf5 20. Qd5+ Qxd5 21. Nxd5 Kf7 22. Rbe1 e6 23. Ne3 Be4 24. Rd1 Nf6 25. g4 Bc6 26. Bf3 e5 27. fxe5 dxe5 28. Rd2 Bxf3 29. Rxf3 Ke6 30. Kg2 Nd7 31. Nd5 Rxf3 32. Kxf3 Rf8+ 33. Ke3 Rf1 34. Nc7+ Ke7 35. Nd5+ Ke6 1/2-1/2

[Event "ROM-ch U18"]
[Site "Calimanesti Caciulata"]
[Date "2016.04.18"]
[Round "1"]
[White "Secheres, Adrian Simion"]
[Black "Voicu, Gabriel"]
[Result "1/2-1/2"]
[WhiteElo "2303"]
[BlackElo "1962"]
[PlyCount "66"]
[EventDate "2016.04.18"]
[EventType "swiss"]
[EventRounds "9"]
[EventCountry "ROU"]
[SourceTitle "CBM 172 Extra"]
[Source "ChessBase"]
[SourceDate "2016.06.21"]
[SourceVersion "1"]
[SourceVersionDate "2016.06.21"]
[SourceQuality "1"]

1. d4 Nf6 2. c4 e6 3. Nf3 Bb4+ 4. Bd2 Qe7 5. g3 Nc6 6. Nc3 Bxc3 7. Bxc3 Ne4 8. Rc1 a5 9. a3 Nxc3 10. Rxc3 d6 11. d5 Nb8 12. dxe6 fxe6 13. Bg2 0-0 14. 0-0 a4 15. Nd4 c6 16. Re3 e5 17. Qc2 g6 18. h4 Nd7 19. h5 Rf6 20. hxg6 hxg6 21. Nf3 Nc5 22. Ng5 Bf5 23. Ne4 Bxe4 24. Bxe4 Kg7 25. Rf3 Raf8 26. Rxf6 Qxf6 27. e3 g5 28. Bg2 Rf7 29. Rd1 e4 30. Rd2 Nb3 31. Rd1 Nc5 32. Rd2 Nb3 33. Rd1 Nc5 1/2-1/2

[Event "ROM-ch U10 Boys"]
[Site "Voineasa"]
[Date "2008.04.13"]
[Round "2"]
[White "Voicu, Gabriel"]
[Black "Toma, Radu Cristian"]
[Result "1-0"]
[WhiteElo "527"]
[BlackElo "1893"]
[PlyCount "52"]
[EventDate "2008.04.08"]
[EventType "swiss"]
[EventRounds "9"]
[EventCountry "ROU"]
[SourceTitle "EXT 2013"]
[Source "ChessBase"]
[SourceDate "2012.11.22"]
[SourceVersion "1"]
[SourceVersionDate "2012.11.22"]
[SourceQuality "1"]

1. e4 d6 2. Nf3 g6 3. Bc4 Bg7 4. d3 Nf6 5. h3 0-0 6. 0-0 c5 7. Nc3 Nc6 8. a3 a6 9. Be3 b5 10. Ba2 Bd7 11. Qd2 Rb8 12. Bh6 Qc7 13. Bxg7 Kxg7 14. Nd5 Nxd5 15. Bxd5 Rb6 16. Bxc6 Bxc6 17. c3 Rfb8 18. Rfe1 Qb7 19. Qe3 b4 20. axb4 cxb4 21. c4 Ra8 22. Nd4 a5 23. Nxc6 Qxc6 24. Qd4+ e5 25. Qd5 Qc5 26. Qxa8 Qd4 1-0